[Event "Wch U10"]
[Site "Batumi"]
[Date "2022.09.27"]
[Round "11"]
[White "Kinzyabulatov, Roman"]
[Black "Suarishvili, Nikoloz"]
[Result "0-1"]
[WhiteElo "1010"]
[BlackElo "1196"]
[PlyCount "122"]
[EventDate "2022.09.16"]
[EventType "swiss"]
[EventRounds "11"]
[EventCountry "GEO"]
[SourceTitle "EXT 2023"]
[Source "ChessBase"]
[SourceDate "2022.10.05"]
[SourceVersion "1"]
[SourceVersionDate "2022.10.05"]
[SourceQuality "1"]

1. c4 Nf6 2. Nc3 g6 3. g3 Bg7 4. Bg2 0-0 5. Nf3 d6 6. 0-0 Nc6 7. d3 Re8 8. Bd2 e5 9. Bg5 h6 10. Bxf6 Bxf6 11. Rb1 a5 12. a3 Be6 13. b4 axb4 14. axb4 Ne7 15. Qd2 Bg7 16. Ra1 d5 17. cxd5 Nxd5 18. Nxd5 Bxd5 19. Rxa8 Qxa8 20. Rc1 c6 21. Rc5 Qa1+ 22. Rc1 Qa3 23. Rc5 Bf8 24. Rc3 Qxb4 25. e4 Bb3 26. Qb2 Ba4 27. Qxb4 Bxb4 28. Rc4 c5 29. Bf1 b5 30. Rc1 f6 31. Ne1 Bd2 32. Rb1 Bxe1 33. Rxe1 b4 34. Ra1 b3 35. d4 b2 36. Rb1 Rb8 37. Bc4+ Kh8 38. Bd3 c4 39. Bxc4 Bc2 40. Ba2 Bxb1 41. Bxb1 Rc8 42. Kg2 Rc1 43. Bd3 b1Q 44. Bxb1 Rxb1 45. d5 Kg7 46. d6 Rd1 47. d7 Rxd7 48. f4 exf4 49. gxf4 g5 50. Kg3 gxf4+ 51. Kxf4 Kg6 52. h4 h5 53. e5 fxe5+ 54. Kxe5 Ra7 55. Kd4 Ra4+ 56. Kd5 Rxh4 57. Kd6 Ra4 58. Kc6 Ra5 59. Kb6 Re5 60. Kc6 h4 61. Kd6 Kf6 0-1

[Event "Wch U10"]
[Site "Batumi"]
[Date "2022.09.23"]
[Round "7"]
[White "Stanica, Andrei"]
[Black "Suarishvili, Nikoloz"]
[Result "0-1"]
[WhiteElo "1524"]
[BlackElo "1196"]
[PlyCount "116"]
[EventDate "2022.09.16"]
[EventType "swiss"]
[EventRounds "11"]
[EventCountry "GEO"]
[SourceTitle "EXT 2023"]
[Source "ChessBase"]
[SourceDate "2022.10.05"]
[SourceVersion "1"]
[SourceVersionDate "2022.10.05"]
[SourceQuality "1"]

1. e4 c5 2. Nc3 Nc6 3. Bb5 a6 4. Bxc6 bxc6 5. d3 e5 6. f4 Bd6 7. f5 Be7 8. Nf3 d6 9. 0-0 Nf6 10. Qe1 0-0 11. Qg3 Re8 12. Ne2 Qc7 13. Bg5 Rb8 14. b3 a5 15. Qh3 Ba6 16. Ng3 Qd8 17. Nh5 Nxh5 18. Qxh5 Bf6 19. Be3 Qe7 20. g4 g6 21. Qh3 Bg7 22. g5 Bc8 23. Nh4 d5 24. Qg3 Qd6 25. Qf2 Rb7 26. Bxc5 Qd8 27. f6 Bf8 28. Nf3 Bxc5 29. Qxc5 Qb6 30. Qxb6 Rxb6 31. exd5 cxd5 32. Rfe1 Rbe6 33. h4 e4 34. Nd4 Rd6 35. Re3 Bf5 36. Rf1 Re5 37. Nxf5 gxf5 38. d4 Re8 39. Rxf5 Rc8 40. Re2 Rc3 41. Kg2 Kf8 42. Re5 Rd7 43. Rf5 Ke8 44. Rf1 Rdc7 45. Rff2 Kd7 46. Kf1 Kc6 47. a4 Kd6 48. Ke1 Rh3 49. Rh2 Rcc3 50. Kd2 Ke6 51. Kc1 Kf5 52. Kb2 Kf4 53. Ref2+ Rhf3 54. Rfg2 Rh3 55. Rf2+ Rcf3 56. c3 Rxh2 57. Rxh2 e3 58. Kc1 Rf1+ 0-1